=LDR 00000nam 2200000 4500 =001 INLIS000000000028164 =005 20200422075502 =035 ##$$a 0010-061300000028164 =008 200422################g##########0#ind## =041 ##$$a Ind =082 ##$$a 2X3.55 =090 ##$$a 2X3.55, Sya p =100 ##$$a Syahin, Shabri Salamah =245 1#$$a Pita kusut tentang hati : $b Peringatan bagi orang yang masih memiliki hati /$c Shabri Salamah Syahin; Penerjemah: Ahmad Syaikhu =260 ##$$a Jakarta :$b Pustaka ibnu katsir,$c 2005 =300 ##$$a xvi, 256 hlm ; $c 18 x 12 cm =650 #4$$a Islam - Hati =850 ##$$a NBPNMAT =084 ##$$a 2X3.55 SYA p =504 ##$$a Bibliografi: halaman 253-256 =990 ##$$a 20704607 =990 ##$$a 20704604 =990 ##$$a 20704605